Countries part of the Russian Empire - Statistics

General Stats
  • This quiz has been taken 28 times
  • The average score is 17 of 18
Answer Stats
Hint Answer % Correct
Baltic Estonia
100%
-stan Kazakhstan
100%
Baltic Latvia
100%
Baltic Lithuania
100%
Biggest one Russia
100%
Caucasus Armenia
96%
Scandinavian Finland
96%
Caucasus Georgia
96%
Borders Romania Ukraine
96%
-stan Uzbekistan
96%
-stan Kyrgyzstan
92%
Borders Romania Moldova
92%
Land of the Poles Poland
92%
-stan Tajikistan
92%
-stan Turkmenistan
92%
Alaska United States
92%
Caucasus Azerbaijan
88%
White Ruthenia Belarus
88%
No matching quizzes found
Score Distribution
Percent of People with Each Score
Percentile by Number Answered
Your Score History
You have not taken this quiz